| 000 | 00584nam a2200181Ia 4500 | ||
|---|---|---|---|
| 003 | IN-BaIIA | ||
| 008 | 211028s9999 xx 000 0 eng d | ||
| 040 | _cIIA Library | ||
| 080 |
_a550.3(047.1) _bADV-11 |
||
| 245 | 0 |
_aAdvances in geophysics _bvol. 11 _cedited by H. E. Landsberg and I.J. Van Mieghem |
|
| 260 |
_aNew York _bAcademic Press _c1965 |
||
| 300 | _ax, 349p. | ||
| 650 | _aAstronomy and Astrophysics Thesaurus | ||
| 650 |
_aGeophysics _954 |
||
| 700 |
_aLandsberg, H. E. _93316 |
||
| 700 |
_aVan Mieghem, I.J. _94538 |
||
| 942 | _cBK | ||
| 999 |
_c2547 _d2547 |
||